00596nam a2200181Ia 4500003000400000005001700004008004100021020001800062040000600080041001200086082002200098100002200120245019100142250001200333260004700345300001300392440000900405OSt20240925153554.0240126s9999 xx 000 0 und d a9789381227657 c0 aEnglish a494.814 NIN;1 R aNinganna, Chi Si. 0aKannada sahitya samskruti kosha : upanysakara nemakati, KAS IAS< NET proudashala shikshaka muntaada spardathmaka parikshege patyakrama aadarita sahithyavidyarthigalige hati upayuktakruti a4th ed. bSri Siddalingeshwara PrakashanaaKalaburgi axix, 704 aNULL